[Event "Seville op 45th"]
[Site "Seville"]
[Date "2020.01.11"]
[Round "2"]
[White "Dominguez Delgado, Pablo"]
[Black "Gagare, Shardul"]
[Result "0-1"]
[WhiteElo "1975"]
[BlackElo "2481"]
[PlyCount "78"]
[EventDate "2020.01.10"]
[EventType "swiss"]
[EventRounds "9"]
[EventCountry "ESP"]
[SourceTitle "CBM 194 Extra"]
[Source "ChessBase"]
[SourceDate "2020.03.31"]
[SourceVersion "1"]
[SourceVersionDate "2020.03.31"]
[SourceQuality "1"]

1. e4 e6 2. d4 d5 3. Nd2 c5 4. exd5 Qxd5 5. Ngf3 cxd4 6. Bc4 Qd8 7. 0-0 Nc6 8. Nb3 a6 9. Nbxd4 Nxd4 10. Nxd4 Qc7 11. Bb3 Bd6 12. h3 Ne7 13. Re1 0-0 14. Re4 Bd7 15. Qh5 Ng6 16. c3 Rae8 17. Bd2 Bh2+ 18. Kh1 Bf4 19. Rd1 e5 20. Nf3 Bc6 21. Ree1 Bxd2 22. Rxd2 Nf4 23. Qg4 Kh8 24. Bc2 g6 25. Rdd1 f5 26. Qg3 Nh5 27. Qg5 Bxf3 28. gxf3 Nf4 29. Qg3 Rd8 30. Rxd8 Rxd8 31. Qg5 Rd2 32. Bb3 Kg7 33. Qg3 Nd3 34. Rf1 Qc5 35. Kg1 Rxb2 36. Rd1 Rxf2 37. Kh1 Qe3 38. Bd5 Qe2 39. Rg1 f4 0-1

[Event "Seville op 44th"]
[Site "Seville"]
[Date "2019.01.12"]
[Round "2"]
[White "Fedorchuk, Sergey A"]
[Black "Dominguez Delgado, Pablo"]
[Result "1-0"]
[WhiteElo "2606"]
[BlackElo "2020"]
[PlyCount "49"]
[EventDate "2019.01.11"]
[EventType "swiss"]
[EventRounds "9"]
[EventCountry "ESP"]
[SourceTitle "CBM 188 Extra"]
[Source "ChessBase"]
[SourceDate "2019.02.26"]
[SourceVersion "1"]
[SourceVersionDate "2019.02.26"]
[SourceQuality "1"]

1. e4 c5 2. Nf3 g6 3. c3 Bg7 4. d4 cxd4 5. cxd4 d5 6. e5 Nh6 7. h3 0-0 8. Nc3 Nc6 9. Bb5 f6 10. 0-0 Be6 11. Re1 Re8 12. Na4 Kh8 13. Nc5 Qc8 14. Qa4 a6 15. Bxc6 bxc6 16. Nxe6 Qxe6 17. exf6 Qxf6 18. Bg5 Qd6 19. Ne5 Kg8 20. Rac1 Rac8 21. Nxc6 Nf5 22. g4 h6 23. gxf5 hxg5 24. Re6 Rxc6 25. Rxd6 1-0